| 000 | 01092nam a2200241 a 4500 | ||
|---|---|---|---|
| 001 | 000047427 | ||
| 003 | DO-SdBNP | ||
| 005 | 20250703115059.0 | ||
| 008 | 180528s2018 dr 000 0 spa d | ||
| 020 | _a9789945911404 | ||
| 040 |
_aDO-SdBNP _bspa _cBNPHU |
||
| 082 |
_a379.27293 _bI342p, |
||
| 245 | 0 | 0 |
_aImpacto de los programas del INABIE en las MIPYMES / _cdirector general René Jáquez Gil ; coordinador general Nelson de los Santos. |
| 260 |
_aSanto Domingo : _bINABIE, _c2018. |
||
| 300 |
_a1 v. ; _c21 cm. |
||
| 505 | 4 |
_aPresentación -- _tIntroducción -- _tAspectos teóricos y metodológicos -- _tAntecedentes -- _tEvaluación del Programa de Alementación Escolar 2012-2017-- _tEncuesta a proveedores del PAE : Rsultados y hallazgos -- _tAnexos |
|
| 590 | _aInventariado, 2018/VM | ||
| 650 | 7 |
_aEducación y estado _zRepública Dominicana _951256 |
|
| 700 | 1 |
_aJáquez Gil, René _edirector _975061 |
|
| 700 | 1 |
_aSantos, Nelson de los _975062 |
|
| 710 | 2 |
_aMinisterio de Educación _bInstituto Nacional de Bienestar Estudiantil (República Dominicana ) _975063 |
|
| 942 |
_2ddc _cLBS1 |
||
| 999 |
_c46915 _d46915 |
||